| 000 | 00787nam a22001937a 4500 | ||
|---|---|---|---|
| 003 | OSt | ||
| 005 | 20250220144250.0 | ||
| 008 | 240920b ||||| |||| 00| 0 eng d | ||
| 040 | _c0 | ||
| 082 | _aDPer 372.05 EL269 2021 v. 122 n. 1-4 | ||
| 100 |
_aGottfried, Michael A. _eauthor. _961292 |
||
| 245 |
_aDetailing new dangers : _blinking kindergarten chronic absenteeism to long-term declines in executive functioning / _cMichael A. Gottfried, and Arya Ansari. |
||
| 260 |
_aUSA ; _bUniversity of Chicago Press, _cMarch 2021. |
||
| 300 |
_avolume 122, pages 484-503, _billustration. |
||
| 500 | _aThe Elementary School Journal, v. 122, n. 3, pages 484-503, March 2021 | ||
| 700 |
_aGottfried, Michael A. _eauthor. _961292 |
||
| 700 |
_aAnsari, Arya. _eauthor. _961293 |
||
| 942 |
_2ddc _cPER |
||
| 999 |
_c21732 _d21732 |
||